00464 2200181 4500001002100000005001500021008004100036020001800077035001900095041000700114082001100121090001500132100002000147245002100167260003500188300001800223650004100241INLIS00000000001600320241224115036241224||||||||| | ||| |||| || |  a979-489-683-7 0010-1224016003 aid0 a639.34 a639.34 IKA0 aAchmad Poernomo00aSeri Agriwawasan aJakartabPenebar Swadayac2006 ax+182hlm;23cm 0aPertanian & Teknologi Yang Berkaitan